000 00620cab a2200205 4500
001 X3480
008 090401t1996 xxu||||| |||| 00| 0 eng d
035 _a(Sirsi) u30766
041 _aeng
245 _aTreasury guidelines tackle PFI pitfalls
260 _c1996
350 _a0
490 _aCSM (Chartered Surveyor Monthly)
_v5(8) May 1996, 3(1)
520 _aSummarises recommendations of Treasury Select Committee report on the PFI.
650 _aPRIVATE FINANCE INITIATIVE
650 _aTREASURY SELECT COMMITTEE
690 _aPROPERTY-PROPERTY FINANCE AND INVESTMENT
942 _n0
948 _c04/03/1997
999 _c20736
_d20736